书目信息 |
| 题名: |
竹笛与钢琴伴奏艺术作品集
|
|
| 作者: | 秦俭 编著 | |
| 分册: | 1 | |
| 出版信息: | 西安 西安交通大学出版社 2005 |
|
| 页数: | 176页 | |
| 开本: | 31cm | |
| 丛书名: | ||
| 单 册: | ||
| 中图分类: | J648.11 | |
| 科图分类: | ||
| 主题词: | 笛子--器乐曲--中国--现代--选集 , 笛子 , 器乐曲 | |
| 电子资源: | ||
| ISBN: | 7-5605-1932-6 | |
| 000 | 00823ncm0 2200241 450 | |
| 001 | 003041277 | |
| 005 | 20070801171603.51 | |
| 010 | @a7-5605-1932-6@dCNY39.00 | |
| 100 | @a20050119d2005 em y0chiy0110 ea | |
| 101 | 0 | @achi |
| 102 | @aCN@b610000 | |
| 105 | @ag z 000yd | |
| 200 | 1 | @a竹笛与钢琴伴奏艺术作品集@9zhu di yu gang qin ban zou yi shu zuo pin ji@h1@f秦俭编著 |
| 210 | @a西安@c西安交通大学出版社@d2005 | |
| 215 | @a176页@d31cm | |
| 330 | @a本书共包括竹笛与钢琴伴奏艺术作品21首,题材和体裁风格全面多样,涵盖面广。既有《喜相逢》、《小放牛》等竹笛传统曲目,又有《塞上风情》等创作曲目。 | |
| 606 | 0 | @a笛子@x器乐曲@y中国@z现代@j选集 |
| 606 | 0 | @a笛子 |
| 606 | 0 | @a器乐曲 |
| 690 | @aJ648.11@v4 | |
| 701 | 0 | @a秦俭@9qin jian@c(笛子演奏家)@4编著 |
| 801 | 0 | @aCN@bNLC@c20070801 |
| 905 | @a10447@dJ648.11@e115:1 | |
| 竹笛与钢琴伴奏艺术作品集.1/秦俭编著.-西安:西安交通大学出版社,2005 |
| 176页;31cm |
| ISBN 7-5605-1932-6:CNY39.00 |
| 本书共包括竹笛与钢琴伴奏艺术作品21首,题材和体裁风格全面多样,涵盖面广。既有《喜相逢》、《小放牛》等竹笛传统曲目,又有《塞上风情》等创作曲目。 |
| ● |
| 相关链接 |
|
|
|
|
正题名:竹笛与钢琴伴奏艺术作品集
索取号:J648.11/115:1
 
预约/预借
| 序号 | 登录号 | 条形码 | 馆藏地/架位号 | 状态 | 备注 |
| 1 | 0800889 | 208008895 | 第一样本阅览室/ [索取号:J648.11/115:1] | 在馆 | |
| 2 | 0800890 | 208008902 | 第一借阅区/ [索取号:J648.11/115:1] | 在馆 | |
| 3 | 0800891 | 208008911 | 第一借阅区/ [索取号:J648.11/115:1] | 在馆 | |
| 4 | 0800892 | 208008920 | 第一借阅区/ [索取号:J648.11/115:1] | 在馆 | |
| 5 | 0800893 | 208008939 | 第一借阅区/ [索取号:J648.11/115:1] | 在馆 | |
| 6 | 0800894 | 208008948 | 第一借阅区/ [索取号:J648.11/115:1] | 在馆 | |
| 7 | 0800895 | 208008957 | 第一借阅区/ [索取号:J648.11/115:1] | 在馆 | |
| 8 | 0800896 | 208008966 | 密集书库-音乐系/ [索取号:J648.11/115:1] | 在馆 | |
| 9 | 0800897 | 208008975 | 音乐系资料室/ [索取号:J648.11/115:1] | 在馆 | |
| 10 | 0800898 | 208008984 | 密集书库-音乐系/ [索取号:J648.11/115:1] | 在馆 |